Úpravy v zdaňovaní príjmov fyzických osôb a právnických osôb od 1. 1. 2010, resp. od 1. 1. 2011

Podrobná bibliografia
Hlavní autori: Faiglová, Svetlana (Autor), Pohlod, Ján (Autor)
Médium: Článok
Jazyk:slovenčina
ISSN:1335-7034
Predmet:

MARC

LEADER 00000nab a2200000 a 4500
001 vtls010082773
003 SK-MaSNL
005 20260426091814.0
008 250708c2010 xo mr|p|||||||000 b|slo
015 |a SNBRB2010/04  |2 snkbucl 
035 |a (sysno)vtls010082773 
035 |a urn:nbn:sk:snk-ab73j9 
035 |a (uuid)f97b30ee-dba1-4cfb-a18e-477d9be81b9c 
035 |a (urnnbn)urn:nbn:sk:snk:ar-a06ruy 
038 |a SNKBUCL 
040 |a SNKBUCL  |b slo  |c SNKBUCL  |e AACR2 
041 0 |a slo 
044 |a xo  |c SK 
080 |a 336.226.1:340.133  |x (437.6)  |2 2001 
100 1 |a Faiglová, Svetlana  |4 aut  |9 11652 
245 1 0 |a Úpravy v zdaňovaní príjmov fyzických osôb a právnických osôb od 1. 1. 2010, resp. od 1. 1. 2011  |c Svetlana Faiglová, Ján Pohlod 
500 |a Pokračovanie v č. 2-3/2010 
648 7 |a od 1.1.2010  |2 snkbucl  |9 1325293 
648 7 |a od 1.1.2011  |2 snkbucl  |9 1325316 
650 0 7 |a fyzické osoby  |2 snkbucl  |9 4302 
650 0 7 |a právnické osoby  |2 snkbucl  |9 4301 
650 0 7 |a dane z príjmov  |2 snkbucl  |9 2125 
650 0 7 |a právne úpravy  |2 snkbucl  |9 505989 
651 7 |a Slovensko  |2 snkbucl  |9 14231 
700 1 |a Pohlod, Ján  |4 aut  |9 11691 
773 0 |t Dane a účtovníctvo v praxi  |g Roč. XV., č. 1 (2010), s. 2-5  |x 1335-7034 
850 |a Slovenská národná knižnica 
852 |a Slovenská národná knižnica 
954 |a odborná, vedecká literatúra pôvodná (slovenská)  |2 lita 
958 |a article27 
958 |a SK 
958 |a OND 
958 |a EUIPO 
999 |c 3036330  |d 3038260